Word Ladder: Katy Perry Hits Quiz Stats

 Plays Quiz Updated Jan 11, 2015

Challenge
Share
Tweet
Embed
Score 0/54 Timer 06:00
0 Plays Today
Clue 4-Letter Word % Correct
2008 Hit: 'I Kissed a ___'GIRL
94.5%
2011 Hit: 'The One [Pink 2] Got [Pink 1]'THAT
92.7%
2010 Hit: '___ Awake'WIDE
92.5%
Very skinnyTHIN
89.5%
Camping shelterTENT
89%
2008 Hit: 'Hot n ___'COLD
88.3%
2011 Hit: 'The One [Pink 2] Got [Pink 1]'AWAY
87.7%
It's below the kneeSHIN
87.5%
Fermented grape juiceWINE
86.5%
Rock back and forthSWAY
86.5%
Robin or Blue Jay, e.g.BIRD
86.4%
A college roomDORM
85.8%
A wild pigBOAR
85.7%
Comparative wordTHAN
85.7%
Breather on a fishGILL
85.4%
Moving airWIND
85.2%
Tool to smooth your nailsFILE
85.1%
2011 Hit: '___ Friday Night (T.G.I.F.)'LAST
84.7%
Yacht or dinghy, e.g.BOAT
84.6%
Cost for a cab rideFARE
84.1%
Neuter an animalSPAY
83.3%
'Wheel of Fortune' optionSPIN
83.3%
Walk only part way into the waterWADE
82.8%
Extension from an udderTEAT
82.6%
Slimy fishing baitWORM
82.5%
Restrain with ropeBIND
82.1%
Shape of Harry Potter's scarBOLT
82.1%
Clue 4-Letter Word % Correct
Have supperDINE
81%
Ellen's 'Finding Nemo' fishDORY
80.7%
2013 Hit: '___'ROAR
80.6%
Rope to pull on a parachuteCORD
80.3%
Encircle with a bandGIRD
80.1%
Bridge acrossSPAN
80.1%
A hill of sandDUNE
79.5%
SatiateFILL
79.3%
Indianapolis footballerCOLT
78.7%
Late actor Monteith of 'Glee'CORY
78.2%
2010 Hit: [Blue 1][Blue 2]FIRE
77.8%
2012 Hit: '____ of Me'PART
77.2%
Before nowPAST
77%
Peruse a bookREAD
76.8%
The back partREAR
73.8%
A good to sellWARE
71.3%
A thin conducting filamentWIRE
71.1%
Dismal or oppressiveDIRE
68.8%
Stored inside, with upPENT
66.8%
Partner of fortuneFAME
63.9%
Having a bum legLAME
63%
Lively or saucyPERT
60.7%
Russo of 'Lethal Weapon 3'RENE
60.1%
An archaic characterRUNE
60%
Tear apart violentlyREND
59.8%
Emit coherent lightLASE
58.6%
2010 Hit: [Blue 1][Blue 2]WORK
56.4%

Today's Daily Dose

You're not logged in!

Compare scores with friends on all Sporcle quizzes.
OR
Log In

You Might Also Like...

Show Comments

Extras

Top Quizzes Today


Score Distribution

Your Account Isn't Verified!

In order to create a playlist on Sporcle, you need to verify the email address you used during registration. Go to your Sporcle Settings to finish the process.

Report this User

Report this user for behavior that violates our Community Guidelines.

Details: